[Event "Chigorin Memorial 2019"]
[Site "St Petersburg RUS"]
[Date "2019.10.06"]
[Round "2.42"]
[White "Ismagilov, Damir"]
[Black "Smirnov, Artem"]
[Result "0-1"]
[BlackTitle "IM"]
[WhiteElo "2156"]
[BlackElo "2416"]
[WhiteFideId "34199982"]
[BlackFideId "4143256"]
[EventDate "2019.10.05"]

1. d4 Nf6 2. Nf3 e6 3. e3 b6 4. Nbd2 Bb7 5. Bd3 d5 6. Qe2 Ne4 7. O-O Bd6 8. c3
O-O 9. Bc2 f5 10. Ne1 Nd7 11. f4 g5 12. Nxe4 dxe4 13. Bb3 Qe7 14. fxg5 Kh8 15.
g3 Rg8 16. Ng2 Rxg5 17. Nf4 Rag8 18. Rf2 Bxf4 19. exf4 R5g6 20. Be3 Nf6 21. c4
h5 22. Kh1 h4 23. d5 hxg3 24. hxg3 Ng4 25. Bd4+ 0-1

[Event "Chigorin Memorial 2019"]
[Site "St Petersburg RUS"]
[Date "2019.10.06"]
[Round "2.43"]
[White "Abdisalimov, Abdimalik"]
[Black "Usmanov, Ilnur"]
[Result "1/2-1/2"]
[WhiteTitle "FM"]
[WhiteElo "2409"]
[BlackElo "2144"]
[WhiteFideId "14206323"]
[BlackFideId "4111303"]
[EventDate "2019.10.05"]

1. d4 d5 2. c4 c6 3. cxd5 cxd5 4. Bf4 Nf6 5. Nc3 e6 6. e3 Bd6 7. Bxd6 Qxd6 8.
Bd3 O-O 9. Rc1 Nc6 10. f4 b6 11. Nf3 Bb7 12. Ne5 Rac8 13. O-O Nb4 14. Bb1 Ne4
15. Bxe4 dxe4 16. a3 f6 17. axb4 fxe5 18. dxe5 Qxb4 19. Qd7 Qxb2 20. Qxe6+ Kh8
21. Qe7 Ba6 22. Rfd1 Rg8 23. f5 Rxc3 24. f6 Rxc1 25. fxg7+ Rxg7 26. Qd8+ Rg8 27.
Qf6+ 1/2-1/2

[Event "Chigorin Memorial 2019"]
[Site "St Petersburg RUS"]
[Date "2019.10.06"]
[Round "2.44"]
[White "Galchenko, Vadim"]
[Black "Savitskiy, Sergey"]
[Result "1-0"]
[BlackTitle "IM"]
[WhiteElo "2139"]
[BlackElo "2407"]
[WhiteFideId "24177334"]
[BlackFideId "24105660"]
[EventDate "2019.10.05"]

1. e4 c5 2. Be2 Nc6 3. d3 g6 4. f4 Bg7 5. Nf3 e6 6. c3 d5 7. Be3 b6 8. O-O Nge7
9. Bf2 O-O 10. Nbd2 Bb7 11. e5 d4 12. Ne4 Nf5 13. g4 Ne3 14. Bxe3 dxe3 15. Qc1
Ne7 16. Qxe3 Nd5 17. Qd2 f5 18. gxf5 exf5 19. Nd6 Bc6 20. c4 Nc7 21. d4 cxd4 22.
Nxd4 Be4 23. Qe3 Qh4 24. Qg3 Qe7 25. Bf3 Rad8 26. Nc6 Bxc6 27. Bxc6 g5 28. Qxg5
Qxg5+ 29. fxg5 Bxe5 30. Nxf5 Rd2 31. Nh6+ Kg7 32. Rxf8 Kxf8 33. Rf1+ Kg7 34. Be4
Rd7 35. b3 Ne6 36. Bf5 Rd6 37. Bxe6 Rxe6 38. Kg2 Kg6 39. h4 Bd4 40. Nf5 Bc5 41.
Ng3 a5 42. Kh3 h5 43. gxh6 Kxh6 44. Rf5 Be7 45. Kg4 Rg6+ 46. Kf3 Rd6 47. Re5
Rf6+ 48. Nf5+ Kg6 49. Rxe7 Kxf5 50. Ke3 Rh6 51. Re4 Rd6 52. Rd4 Rg6 53. Rd5+ Ke6
54. Rg5 Rh6 55. h5 Kd7 56. Kf4 Ke7 57. Kg4 Kf7 58. Rf5+ Kg7 59. Rb5 Rc6 60. Kg5
Rd6 61. Rd5 Rc6 62. h6+ Kh7 63. Rd7+ Kh8 64. Rb7 Rc5+ 65. Kf4 Rc6 66. h7 a4 67.
Ke4 axb3 68. axb3 Rg6 69. Kd5 Rf6 70. Rd7 Rf5+ 71. Kd4 Rf3 72. b4 Rb3 73. Rd8+
Kxh7 74. b5 Rb1 75. Rb8 Rd1+ 76. Ke5 Rc1 77. Kd5 Rd1+ 78. Kc6 Rc1 79. Kxb6 Rxc4
80. Rf8 Kg7 81. Rf1 1-0

[Event "Chigorin Memorial 2019"]
[Site "St Petersburg RUS"]
[Date "2019.10.06"]
[Round "2.45"]
[White "Kumargaliev, Marsel"]
[Black "Pershin, Denis"]
[Result "1-0"]
[BlackTitle "IM"]
[WhiteElo "2144"]
[BlackElo "2401"]
[WhiteFideId "34111023"]
[BlackFideId "24165506"]
[EventDate "2019.10.05"]

1. e4 c6 2. Nc3 d5 3. Nf3 Nf6 4. e5 Ne4 5. Ne2 Qb6 6. d4 e6 7. g3 c5 8. Bg2 Nc6
9. O-O cxd4 10. a3 Bd7 11. Ra2 Bc5 12. b4 Be7 13. Qd3 f6 14. exf6 Bxf6 15. b5
Ne5 16. Nxe5 Bxb5 17. Qf3 Bxe2 18. Qxe2 Nc3 19. Qh5+ g6 20. Nxg6 hxg6 21. Qxg6+
Ke7 22. Rb2 Qc7 23. Bg5 Bxg5 24. Rxb7 Qxb7 25. Qg7+ Kd6 26. Qxb7 Rhg8 27. Qh7
Rh8 28. Qd3 Rac8 29. Re1 Bd8 30. Qxd4 Rh5 31. Qg4 Rf5 32. Rxe6+ Kxe6 33. Bh3 Ra8
34. Qxf5+ Kd6 35. Qe6+ Kc5 36. Qe3+ d4 37. Qe5+ Kc6 38. Bg2+ 1-0

[Event "Chigorin Memorial 2019"]
[Site "St Petersburg RUS"]
[Date "2019.10.06"]
[Round "2.46"]
[White "Radzhabov, Rodion"]
[Black "Vetokhin, Ilia"]
[Result "1-0"]
[WhiteTitle "FM"]
[WhiteElo "2384"]
[BlackElo "2143"]
[WhiteFideId "884715"]
[BlackFideId "24156078"]
[EventDate "2019.10.05"]

1. e4 c5 2. Nf3 Nc6 3. Bb5 d6 4. d4 cxd4 5. Qxd4 Bd7 6. Bxc6 Bxc6 7. Nc3 h6 8.
Be3 e5 9. Qd3 Nf6 10. O-O-O Be7 11. Nd2 O-O 12. Nc4 Qb8 13. f4 Rd8 14. Nd5 Nxd5
15. exd5 Bb5 16. Qb3 Bxc4 17. Qxc4 exf4 18. Bxf4 Qc8 19. Qd3 Qg4 20. Qg3 Qxg3
21. Bxg3 Rac8 22. c3 Bf6 23. Rhe1 Rc4 24. Kc2 h5 25. h3 b5 26. Re3 Bg5 27. Re2
Bf6 28. Rd3 a5 29. b3 Rcc8 30. Re4 Kf8 31. a4 Rb8 32. axb5 Rxb5 33. c4 Rb7 34.
Rde3 Be7 35. Be1 Ra8 36. Bg3 Rd8 37. Re1 g6 38. Ra1 Ra8 39. Be1 Bd8 40. Re3 Bf6
41. Rxa5 Rba7 42. b4 Rxa5 43. bxa5 Rc8 44. Kb3 Rb8+ 45. Ka4 Rb2 46. Bb4 Rxg2 47.
Bxd6+ Kg8 48. c5 Ra2+ 49. Ra3 Re2 50. a6 Re8 51. a7 Ra8 52. Kb5 g5 53. Kb6 Bb2
54. Ra2 Bd4 55. Kb7 Rd8 56. a8=Q 1-0

[Event "Chigorin Memorial 2019"]
[Site "St Petersburg RUS"]
[Date "2019.10.06"]
[Round "2.47"]
[White "Lebedev, Mikhail S."]
[Black "Popov, Mikhail"]
[Result "0-1"]
[BlackTitle "IM"]
[WhiteElo "2142"]
[BlackElo "2399"]
[WhiteFideId "24130303"]
[BlackFideId "4146182"]
[EventDate "2019.10.05"]

1. e4 c5 2. Nf3 d6 3. d4 cxd4 4. Nxd4 Nf6 5. Nc3 a6 6. Bg5 Nbd7 7. f4 Qc7 8. Qf3
h6 9. Bxf6 Nxf6 10. f5 Qc5 11. O-O-O g5 12. fxg6 Bg4 13. gxf7+ Kxf7 14. Qd3 Bxd1
15. Nxd1 Bg7 16. Be2 e6 17. Rf1 Rhe8 18. Ne3 Kg8 19. Nf3 b5 20. g4 Nd7 21. Qb3
Ne5 22. Nf5 Nxf3 23. Bxf3 Qe5 24. h4 Rf8 25. Kb1 a5 26. Nxg7 Kxg7 27. g5 h5 28.
Rd1 Rf4 29. a4 Raf8 30. Bxh5 Rxe4 31. Qd3 Rh8 32. axb5 Rxh5 33. c3 d5 34. b6
Rhxh4 35. Qb5 Qf5 36. Qd7+ Qf7 37. Qxf7+ Kxf7 38. Rf1+ Kg7 39. g6 Kxg6 40. Rf8
Rh7 41. Rg8+ Kf6 42. Rf8+ Ke5 0-1

[Event "Chigorin Memorial 2019"]
[Site "St Petersburg RUS"]
[Date "2019.10.06"]
[Round "2.48"]
[White "Khlebovich, Alexander"]
[Black "Polosin, Evgeni"]
[Result "1-0"]
[WhiteTitle "FM"]
[WhiteElo "2398"]
[BlackElo "2159"]
[WhiteFideId "4169123"]
[BlackFideId "24108456"]
[EventDate "2019.10.05"]

1. c4 e5 2. g3 Nf6 3. Bg2 d5 4. cxd5 Nxd5 5. Nc3 Be6 6. Nf3 Nc6 7. O-O Nb6 8. d4
exd4 9. Nb5 d3 10. Ng5 Bc4 11. exd3 Bxb5 12. Qb3 Qd7 13. Re1+ Be7 14. Qxf7+ Kd8
15. Bh3 Qd6 16. Ne6+ Kc8 17. Bf4 Qb4 18. Nxc7+ Nd7 19. Bxd7+ Kxd7 20. Qf5+ Kd8
21. Ne6+ Ke8 22. Nxg7+ Kd8 23. Ne6+ Ke8 24. Nc7+ Kd8 25. Nxb5 Rc8 26. Qd5+ Ke8
27. Nd6+ Kd7 28. Qf5+ Kc7 29. Nxc8+ 1-0

[Event "Chigorin Memorial 2019"]
[Site "St Petersburg RUS"]
[Date "2019.10.06"]
[Round "2.49"]
[White "Efimov, Ignat"]
[Black "Sawlin, Leonid"]
[Result "0-1"]
[BlackTitle "FM"]
[WhiteElo "2138"]
[BlackElo "2395"]
[WhiteFideId "24280810"]
[BlackFideId "4689542"]
[EventDate "2019.10.05"]

1. Nf3 Nf6 2. c4 e6 3. g3 d5 4. Bg2 Be7 5. b3 d4 6. e3 c5 7. exd4 cxd4 8. O-O
Nc6 9. Re1 O-O 10. Bb2 Qb6 11. Ne5 Nxe5 12. Rxe5 Bd7 13. a4 a5 14. Na3 Bc5 15.
Nb5 Bc6 16. d3 Nd7 17. Re2 e5 18. Qc2 Rae8 19. Kh1 Bxg2+ 20. Kxg2 f5 21. f3 Nf6
22. Rae1 e4 23. dxe4 fxe4 24. fxe4 Ng4 25. Bc1 Qf6 26. Kh3 Qf3 27. Qd1 Re5 28.
Rd2 Rh5# 0-1

[Event "Chigorin Memorial 2019"]
[Site "St Petersburg RUS"]
[Date "2019.10.06"]
[Round "2.50"]
[White "Schekachikhin, Maksim"]
[Black "Shkurkin, Andrey"]
[Result "1/2-1/2"]
[WhiteTitle "IM"]
[BlackTitle "FM"]
[WhiteElo "2400"]
[BlackElo "2184"]
[WhiteFideId "24177830"]
[BlackFideId "34179647"]
[EventDate "2019.10.05"]

1. Nf3 c5 2. c4 g6 3. d4 cxd4 4. Nxd4 Bg7 5. e4 Nc6 6. Be3 Nf6 7. Nc3 O-O 8. Be2
d6 9. O-O Bd7 10. Nc2 Re8 11. f3 Be6 12. Qd2 Rc8 13. Rfd1 Nd7 14. Na3 Qa5 15.
Nd5 Qxd2 16. Rxd2 a6 17. Rb1 f5 18. exf5 Bxf5 19. Rbd1 Nce5 20. g4 Be6 21. b3
Bxd5 22. Rxd5 Rf8 23. Kg2 Nc5 24. f4 Ned7 25. Bf3 Nf6 26. Bxc5 dxc5 27. Re5 Rc7
28. Nc2 Ne8 29. Re6 Rxf4 30. Ne3 Rd4 31. Nd5 Rxd1 32. Bxd1 Rd7 33. Rxe7 Rxe7 34.
Nxe7+ Kf7 35. Nc8 Ke6 36. Bf3 b5 37. Bb7 bxc4 38. bxc4 a5 39. Kf3 Ke5 40. Ne7
Kd4 41. Bd5 a4 42. Bc6 Nd6 43. Bxa4 Nxc4 44. Nc6+ Kc3 45. Ke4 Nb6 46. Bb5 Bd4
47. a4 Bg1 48. a5 Nc8 49. Kd5 Bxh2 50. Kxc5 h5 51. gxh5 gxh5 52. Ba6 Bg1+ 53.
Kd5 Na7 54. Nxa7 Bxa7 55. Be2 h4 56. Kc6 h3 57. Kb7 h2 58. Bf3 Be3 59. a6 1/2-1/2

[Event "Chigorin Memorial 2019"]
[Site "St Petersburg RUS"]
[Date "2019.10.06"]
[Round "2.51"]
[White "Padmini, Rout"]
[Black "Gagare, Shalmali"]
[Result "1-0"]
[WhiteTitle "IM"]
[BlackTitle "WIM"]
[WhiteElo "2394"]
[BlackElo "2134"]
[WhiteFideId "5029295"]
[BlackFideId "5038650"]
[EventDate "2019.10.05"]

1. e4 e5 2. Nf3 Nc6 3. Bb5 a6 4. Ba4 Nf6 5. d3 b5 6. Bb3 Be7 7. a4 Rb8 8. axb5
axb5 9. O-O d6 10. c3 O-O 11. Re1 Bb7 12. Na3 Ra8 13. Bd2 Na7 14. Nc2 c5 15. Ne3
Re8 16. h3 c4 17. dxc4 Nxe4 18. Nd5 Bxd5 19. cxd5 Nxd2 20. Qxd2 f5 21. Ra6 Qb8
22. Nxe5 dxe5 23. d6+ Kh8 24. dxe7 Qb7 25. Rea1 Nc6 26. Rxa8 Rxa8 27. Rxa8+ Qxa8
28. Qd7 Nxe7 29. Qxe7 h6 30. Qxe5 1-0

[Event "Chigorin Memorial 2019"]
[Site "St Petersburg RUS"]
[Date "2019.10.06"]
[Round "2.52"]
[White "Ivanov, Sergei V."]
[Black "Kovalchuk, Alexey"]
[Result "1/2-1/2"]
[WhiteElo "2134"]
[BlackElo "2389"]
[WhiteFideId "24170003"]
[BlackFideId "24154385"]
[EventDate "2019.10.05"]

1. e4 e5 2. Nf3 Nc6 3. Bb5 a6 4. Ba4 Nf6 5. O-O Be7 6. d3 b5 7. Bb3 d6 8. a4 Bd7
9. Bd2 O-O 10. Nc3 Na5 11. Ba2 c5 12. Nd5 Nxd5 13. Bxd5 Nc6 14. h3 Qb6 15. Bg5
Rae8 16. axb5 axb5 17. c3 h6 18. Be3 Bf6 19. b4 Ne7 20. Bb3 Qc7 21. Qd2 Ra8 22.
Nh2 Rfc8 23. Ng4 Bxg4 24. hxg4 Qc6 25. g5 hxg5 26. Bxg5 Bxg5 27. Qxg5 Rxa1 28.
Rxa1 c4 29. dxc4 bxc4 30. Bc2 Ng6 31. g3 Nf8 32. Qe7 Rc7 33. Qd8 Rc8 34. Qe7 Rc7 1/2-1/2

[Event "Chigorin Memorial 2019"]
[Site "St Petersburg RUS"]
[Date "2019.10.06"]
[Round "2.53"]
[White "Yatzenko, Anton"]
[Black "Poznyak, Nazar"]
[Result "0-1"]
[WhiteElo "2383"]
[BlackElo "2124"]
[WhiteFideId "4157826"]
[BlackFideId "14159902"]
[EventDate "2019.10.05"]

1. d4 Nf6 2. c4 e6 3. Nc3 Bb4 4. e3 O-O 5. Bd3 Bxc3+ 6. bxc3 d6 7. Ne2 c5 8. O-O
e5 9. d5 e4 10. Bc2 Nbd7 11. Ng3 Re8 12. Qe2 b6 13. f3 Ba6 14. Rd1 Re5 15. f4
Rxd5 16. Rxd5 Nxd5 17. Nxe4 N7f6 18. Ng3 Ne7 19. e4 d5 20. e5 Bxc4 21. Qf3 Nd7
22. Qg4 Ng6 23. Nf5 d4 24. cxd4 cxd4 25. Be4 Be6 26. Qf3 Rc8 27. Nd6 Rc3 28. Qd1
Nc5 29. f5 Nxe5 30. Qxd4 Rc4 31. Qxe5 Rxe4 32. Qg3 Bxf5 33. Bg5 f6 34. Be3 Rg4
35. Qf3 Qxd6 36. Qxf5 Qe6 37. Qxe6+ Nxe6 38. a4 Nc7 39. a5 Nd5 40. Bf2 Rb4 41.
h3 Rb5 42. axb6 axb6 43. Ra7 h5 44. Bg3 Rb1+ 45. Kf2 b5 46. Bd6 Rb3 47. Rb7 Ne3
48. Bc5 Nf5 49. Ke2 Ng3+ 50. Kd1 Ne4 51. Rb8+ Kh7 52. Bf8 Rb2 53. g4 hxg4 54.
hxg4 Rg2 55. Ke1 Rxg4 56. Ke2 Rg5 57. Kf3 Nd2+ 58. Kf4 Nc4 59. Rb7 Kg8 60. Bb4
Ne5 61. Bd6 Nf7 62. Be7 Re5 63. Ba3 g5+ 64. Kg4 Kg7 65. Kf3 Kg6 66. Bb2 Rf5+ 67.
Kg3 Nd6 0-1

[Event "Chigorin Memorial 2019"]
[Site "St Petersburg RUS"]
[Date "2019.10.06"]
[Round "2.54"]
[White "Nasibullin, Iskander"]
[Black "Yagupov, Igor"]
[Result "1/2-1/2"]
[BlackTitle "GM"]
[WhiteElo "2123"]
[BlackElo "2381"]
[WhiteFideId "34124273"]
[BlackFideId "4113632"]
[EventDate "2019.10.05"]

1. e4 c6 2. c4 d5 3. exd5 cxd5 4. cxd5 Nf6 5. Nc3 Nxd5 6. Nf3 Nxc3 7. bxc3 Qc7
8. d4 Nd7 9. Qb3 e6 10. Bd3 Bd6 11. O-O b6 12. Be4 Bb7 13. Bxb7 Qxb7 14. Ba3 Qc7
15. Ng5 Bxa3 16. Qxa3 Nf6 17. Rfe1 Rd8 18. c4 Rxd4 19. Rad1 Rxd1 20. Rxd1 Qe7
21. Qa4+ Kf8 22. Qb5 h6 23. Nf3 Kg8 24. h4 Kh7 25. Ne5 Rc8 1/2-1/2

[Event "Chigorin Memorial 2019"]
[Site "St Petersburg RUS"]
[Date "2019.10.06"]
[Round "2.55"]
[White "Chekletsov, Ilya"]
[Black "Zaichikov, Andrey"]
[Result "1-0"]
[WhiteTitle "IM"]
[WhiteElo "2377"]
[BlackElo "2113"]
[WhiteFideId "24177156"]
[BlackFideId "24176591"]
[EventDate "2019.10.05"]

1. d4 Nf6 2. c4 g6 3. Nc3 Bg7 4. e4 d6 5. Be2 O-O 6. Nf3 e5 7. Be3 Ng4 8. Bg5 f6
9. Bh4 Nc6 10. d5 Ne7 11. Nd2 h5 12. O-O Nh6 13. f3 Nf7 14. b4 f5 15. exf5 Bxf5
16. Nde4 g5 17. Bxg5 Nxg5 18. Nxg5 Ng6 19. Nce4 Bh6 20. Ne6 Bxe6 21. dxe6 Qe7
22. c5 Rad8 23. cxd6 cxd6 24. Qb3 Nf4 25. Rfe1 d5 26. Nc5 Nxe6 27. Nxe6 Qxe6 28.
Rad1 Rf7 29. Bd3 h4 30. Kh1 Bf4 31. Re2 Kg7 32. Bb1 Rc8 33. Qd3 Kf8 34. Ree1 Rd8
35. Qb3 Re7 36. Qa4 Qb6 37. Qc2 Rf7 38. a3 Qc6 39. Qf2 Qf6 40. Ba2 Rfd7 41. Qxa7
b6 42. Qa6 Bxh2 43. Kxh2 Qf4+ 44. Kg1 Rg7 45. Re2 h3 46. Qxb6 Rdd7 47. Qc5+ Ke8
48. Rxd5 Rxd5 49. Bxd5 h2+ 50. Kh1 Kd8 51. Qd6+ 1-0

[Event "Chigorin Memorial 2019"]
[Site "St Petersburg RUS"]
[Date "2019.10.06"]
[Round "2.56"]
[White "Rudovskii, Filipp"]
[Black "Suleymenov, Alisher"]
[Result "1/2-1/2"]
[BlackTitle "IM"]
[WhiteElo "2120"]
[BlackElo "2370"]
[WhiteFideId "54121299"]
[BlackFideId "13707833"]
[EventDate "2019.10.05"]

1. e4 e6 2. d4 d5 3. Nc3 Bb4 4. exd5 exd5 5. Bd3 Nc6 6. a3 Ba5 7. Be3 Nf6 8. h3
O-O 9. Qf3 Bxc3+ 10. bxc3 Na5 11. Ne2 Nc4 12. Bg5 c6 13. O-O h6 14. Bxf6 Qxf6
15. Qxf6 gxf6 16. Ng3 Nd6 17. Rfe1 Be6 18. Re3 f5 19. Rf3 Ne4 20. Re1 Rae8 21.
Nxf5 Bxf5 22. Rxf5 Nxc3 23. Rfe5 Rxe5 24. Rxe5 a5 25. Re3 Rb8 26. Bh7+ Kxh7 27.
Rxc3 Re8 28. Re3 Rxe3 29. fxe3 Kg6 30. Kf2 Kf5 31. Kf3 h5 32. g3 b6 33. c3 a4
34. g4+ hxg4+ 35. hxg4+ Kg5 36. Kg3 f6 37. Kf3 f5 38. gxf5 Kxf5 39. Kf2 Ke4 40.
Ke2 c5 41. dxc5 bxc5 42. Kd2 Ke5 43. c4 d4 44. Kd3 dxe3 45. Kxe3 Kf5 46. Kf3 1/2-1/2

[Event "Chigorin Memorial 2019"]
[Site "St Petersburg RUS"]
[Date "2019.10.06"]
[Round "2.57"]
[White "Nie, Xinyang"]
[Black "Shihaliev, Leonard"]
[Result "1/2-1/2"]
[WhiteElo "2366"]
[BlackElo "2080"]
[WhiteFideId "8607222"]
[BlackFideId "24192163"]
[EventDate "2019.10.05"]

1. d4 Nf6 2. Nf3 e6 3. c4 b6 4. g3 Bb7 5. Bg2 Be7 6. O-O O-O 7. Qc2 c5 8. Rd1
cxd4 9. Nxd4 Bxg2 10. Kxg2 Qc8 11. e4 Nc6 12. Nf3 d6 13. Nc3 Ne5 14. Nxe5 dxe5
15. b3 h6 16. Bb2 Qc6 17. f3 Rfd8 18. Ne2 Nd7 19. Rd3 f6 20. Rad1 b5 21. Rc3 b4
22. Rcd3 a5 23. Bc1 Nc5 24. Rxd8+ Rxd8 25. Be3 Rxd1 26. Qxd1 Qd7 27. Qxd7 Nxd7
28. Nc1 Bc5 29. Bd2 Kf7 30. Nd3 Bd4 31. Kf1 Nc5 32. Ke2 Nxd3 33. Kxd3 Ke7 34. g4
g5 35. h3 Bc5 36. Kc2 Kd6 37. Kb1 Kc6 38. a3 Kd6 39. axb4 axb4 40. Kc2 Kc6 41.
Kd3 Kd6 42. Bc1 Kc6 43. Bb2 Kd6 1/2-1/2

[Event "Chigorin Memorial 2019"]
[Site "St Petersburg RUS"]
[Date "2019.10.06"]
[Round "2.58"]
[White "Babanin, Gleb"]
[Black "Saveliev, Alexei"]
[Result "0-1"]
[BlackTitle "IM"]
[WhiteElo "2119"]
[BlackElo "2363"]
[WhiteFideId "34152536"]
[BlackFideId "24128546"]
[EventDate "2019.10.05"]

1. e4 c5 2. Nf3 e6 3. d4 cxd4 4. Nxd4 Nc6 5. Nc3 Qc7 6. Be3 a6 7. Qf3 Nf6 8.
O-O-O d6 9. h3 Bd7 10. g4 h6 11. Nxc6 Bxc6 12. Bg2 b5 13. Rhe1 Be7 14. Bd4 Rc8
15. Rd2 b4 16. Bxf6 Bxf6 17. Nd1 Bg5 18. Ne3 Qa5 19. Nc4 Bxd2+ 20. Kxd2 Qg5+ 21.
Kd1 O-O 22. Qg3 Rfd8 23. f4 Qc5 24. b3 d5 25. exd5 Bxd5 26. Bxd5 exd5 27. Ne3
Qd4+ 28. Ke2 Re8 29. Kf1 Rc3 30. Nf5 Rxe1+ 0-1

[Event "Chigorin Memorial 2019"]
[Site "St Petersburg RUS"]
[Date "2019.10.06"]
[Round "2.59"]
[White "Can, Isik"]
[Black "Terentev, Mikhail"]
[Result "1-0"]
[WhiteTitle "IM"]
[WhiteElo "2361"]
[BlackElo "2096"]
[WhiteFideId "6383742"]
[BlackFideId "24183814"]
[EventDate "2019.10.05"]

1. e4 c5 2. Nf3 d6 3. d4 cxd4 4. Nxd4 Nf6 5. Nc3 a6 6. Bg5 e6 7. f4 h6 8. Bh4
Qb6 9. a3 Be7 10. Bf2 Qc7 11. Qf3 Nbd7 12. O-O-O b5 13. g4 Bb7 14. f5 e5 15. Nb3
Rc8 16. Bd3 Bc6 17. Rd2 Rb8 18. h4 h5 19. g5 Ng4 20. Nd5 Bxd5 21. exd5 a5 22. f6
gxf6 23. g6 fxg6 24. Bxg6+ Kd8 25. Rd3 b4 26. a4 f5 27. Rd2 f4 28. Bxh5 Nxf2 29.
Rxf2 Nc5 30. Nxc5 Qxc5 31. Re2 b3 32. Kb1 Qb4 33. Rc1 Qxa4 34. cxb3 Qxb3 35. Qg4
Qb7 36. Rec2 Rf8 37. Qe6 Rf6 38. Qg8+ Rf8 39. Qe6 Rf6 40. Qh3 e4 41. Qc3 Ra8 42.
Qc4 e3 43. Bg4 Ke8 44. Qe4 Rb8 45. Rc8+ Rxc8 46. Rxc8+ Qxc8 47. Bxc8 f3 48. Qxe3
f2 49. Ba6 f1=Q+ 50. Bxf1 Rxf1+ 51. Ka2 Rf5 52. Qe6 Re5 53. Qg8+ Kd7 54. h5 Kc7
55. h6 Kb6 56. Qf7 1-0

[Event "Chigorin Memorial 2019"]
[Site "St Petersburg RUS"]
[Date "2019.10.06"]
[Round "2.60"]
[White "Shakirov, Marat"]
[Black "Bublei, Pavel"]
[Result "0-1"]
[BlackTitle "FM"]
[WhiteElo "2114"]
[BlackElo "2358"]
[WhiteFideId "44118171"]
[BlackFideId "24112593"]
[EventDate "2019.10.05"]

1. d4 Nf6 2. c4 e6 3. Nf3 b6 4. g3 Bb7 5. Bg2 Bb4+ 6. Bd2 Bxd2+ 7. Nbxd2 O-O 8.
O-O c5 9. d5 exd5 10. Nh4 Bc6 11. cxd5 Nxd5 12. e4 Ne7 13. Qh5 d5 14. e5 Ng6 15.
Nf5 Nxe5 16. Nxg7 Kxg7 17. Qxe5+ Qf6 18. Qh5 Na6 19. Rfe1 Rae8 20. Nf3 Nb4 21.
Rxe8 Rxe8 22. Re1 Qg6 23. Qh4 Rxe1+ 24. Nxe1 d4 25. a3 Bxg2 26. Kxg2 Nd5 27. Nf3
h6 28. Ne5 Qf5 29. Nc4 Nf6 30. b3 Ng4 31. f4 Qe4+ 32. Kg1 Qe1+ 33. Kg2 Qe4+ 34.
Kg1 Qf3 35. Qh3 Qf2+ 36. Kh1 Qe1+ 37. Kg2 Qe2+ 38. Kg1 Qe1+ 39. Kg2 f5 40. Nd6
Qf2+ 41. Kh1 Qe1+ 42. Kg2 Qe6 43. Nc4 Qe2+ 44. Kg1 Qf2+ 45. Kh1 Qe1+ 46. Kg2 d3 0-1

[Event "Chigorin Memorial 2019"]
[Site "St Petersburg RUS"]
[Date "2019.10.06"]
[Round "2.61"]
[White "Timerkhanov, Alexander"]
[Black "Frolov, Aleksey G."]
[Result "1-0"]
[WhiteTitle "FM"]
[WhiteElo "2354"]
[BlackElo "2093"]
[WhiteFideId "24177938"]
[BlackFideId "34106500"]
[EventDate "2019.10.05"]

1. d4 Nf6 2. Bg5 e6 3. Nd2 c5 4. e3 d5 5. c3 h6 6. Bh4 Nbd7 7. Ngf3 Bd6 8. Bd3
O-O 9. Qe2 b6 10. e4 dxe4 11. Nxe4 Qc7 12. Nxd6 Qxd6 13. Bg3 Qe7 14. Rd1 Bb7 15.
dxc5 e5 16. Bc4 Qxc5 17. O-O e4 18. Nh4 Rfe8 19. b4 Qg5 20. Qe3 Rac8 21. Bb3 Ne5
22. Qxg5 hxg5 23. Nf5 Ba6 24. Nd6 Bxf1 25. Kxf1 Rcd8 26. Nxe8 Rxe8 27. Ba4 Re7
28. Rd8+ Kh7 29. Rc8 Nd5 30. Bb3 Nf4 31. h4 Ned3 32. hxg5 e3 33. fxe3 Rxe3 34.
Bh4 Ng6 35. Bf2 Re5 36. Bc2 Nxf2 37. Kxf2 Rxg5 38. Rc7 a5 39. Rxf7 axb4 40. cxb4
Rg4 41. a3 Rc4 42. Bd3 Rd4 43. Rf3 Kh6 44. Rh3+ Kg5 45. Rg3+ Kf4 46. Bxg6 Rd2+
47. Ke1 Ra2 48. Rf3+ Kg4 49. Bf5+ Kh4 50. g4 Kg5 51. Be6 Rb2 52. Rf5+ Kg6 53.
Rf2 Rb1+ 54. Kd2 Ra1 55. Rf3 Kh6 56. Kc2 Re1 57. Bd7 Re7 58. Rd3 1-0

[Event "Chigorin Memorial 2019"]
[Site "St Petersburg RUS"]
[Date "2019.10.06"]
[Round "2.62"]
[White "Semenenko, Sergey"]
[Black "Smirnov, Timofey"]
[Result "0-1"]
[BlackTitle "FM"]
[WhiteElo "2107"]
[BlackElo "2354"]
[WhiteFideId "4173767"]
[BlackFideId "24176427"]
[EventDate "2019.10.05"]

1. d4 d5 2. c4 c6 3. Nc3 Nf6 4. e3 Bf5 5. cxd5 cxd5 6. Qb3 Nc6 7. Qxb7 Bd7 8.
Qb3 Rb8 9. Qd1 e5 10. dxe5 Nxe5 11. Be2 Bd6 12. Nf3 Qc7 13. h3 O-O 14. O-O Nxf3+
15. Bxf3 Rfd8 16. Nxd5 Nxd5 17. Bxd5 Bb5 18. e4 Bxf1 19. Kxf1 Be5 20. Qf3 Bxb2
21. Bf4 Qe7 22. Rd1 Rbc8 23. g3 Kh8 24. Rb1 Bd4 25. Rd1 Bb6 26. Re1 Rc2 27. Re2
Rxe2 28. Qxe2 f5 29. Be3 fxe4 0-1

[Event "Chigorin Memorial 2019"]
[Site "St Petersburg RUS"]
[Date "2019.10.06"]
[Round "2.63"]
[White "Pavlov, Mark"]
[Black "Gabdrakhmanov, Azat"]
[Result "0-1"]
[BlackTitle "FM"]
[WhiteElo "2095"]
[BlackElo "2353"]
[WhiteFideId "34178829"]
[BlackFideId "34189197"]
[EventDate "2019.10.05"]

1. d4 Nf6 2. Nf3 g6 3. Bg5 Bg7 4. c3 O-O 5. Nbd2 d5 6. e3 h6 7. Bh4 Bf5 8. Be2
Nc6 9. O-O Re8 10. b4 g5 11. Bg3 e6 12. Rc1 Nh5 13. Nb3 Nxg3 14. hxg3 Ne7 15. c4
c6 16. b5 cxb5 17. cxd5 exd5 18. Bxb5 Rf8 19. Bd3 Bc8 20. Qc2 Nc6 21. Qb1 Qf6
22. Rc5 Be6 23. Nbd2 Rab8 24. Rfc1 Rfc8 25. a4 Bf8 26. Rb5 b6 27. Qb2 g4 28. Ne1
Na5 29. Rxc8 Rxc8 30. e4 Nc4 31. Nxc4 dxc4 32. Bb1 c3 33. Qc2 Qxd4 34. e5 Bg7
35. Qh7+ Kf8 36. Bc2 Qd2 37. Rb1 Qg5 38. f4 gxf3 39. Nxf3 Qxg3 40. Rf1 Rd8 41.
Qe4 Qg4 42. Qb7 Kg8 43. Qxa7 Qb4 44. Rb1 Qc5+ 45. Kh1 Bd5 46. Rb5 Qc8 47. Rxd5
Rxd5 48. Qxb6 Qd8 49. Qc6 Rd1+ 50. Bxd1 Qxd1+ 51. Kh2 Bxe5+ 52. Kh3 Qh1+ 53. Kg4
Qxg2+ 54. Kf5 Qg6+ 0-1